| 000 | 00763nam a2200253Ia 4500 | ||
|---|---|---|---|
| 003 | OSt | ||
| 005 | 20220925221710.0 | ||
| 006 | a|||||r|||| 00| 0 | ||
| 007 | ta | ||
| 008 | 220923b |||||||| |||| 00| 0 eng d | ||
| 020 | _c2561.48 | ||
| 037 |
_b2665/ _52.00, 10/10/2000, Elite _cGeneral Book |
||
| 040 |
_aRTL _cRTL _beng |
||
| 041 |
_2eng _aeng |
||
| 082 | _aX:72, P0/TD1 | ||
| 100 |
_aLjungqvist L. _9286951 |
||
| 245 | 0 | _aRecursive Macro-Economic theory | |
| 260 |
_aLondon _bMIT Press _c2000 |
||
| 300 |
_a701p _ccm. |
||
| 541 | _52.00, 10/10/2000, Elite | ||
| 650 |
_aMacroeconomics _9186166 |
||
| 700 |
_a Sargent T. J. _9286952 |
||
| 942 |
_hX:72, P0/TD1 _cGB _2CC |
||
| 999 |
_c575098 _d575098 |
||